00515nam a2200193 a 4500001001300000003000900013005001700022008004100039020001000080082001500090100002500105245007200130260002500202300000900227500003500236505001000271650001500281700002500296nice12345678IN_TiNIC20260116012316.0050524s1985 dela grp 000 0 eng  ac10000a954.2bSUB aSubba, Tanka Bahadur aQuiet Hillsb a Study of the Agrarian Relations in Hill Darjeeling. aDelhi bISPCK c1985 a132p aincludes index and biblioraphy2 aIndex aDarjeeling1 aSubba, Tanka Bahadur